| 000 | 01072nas a2200337 4500 | ||
|---|---|---|---|
| 001 | BR2013006875 | ||
| 003 | BR-BrBNA | ||
| 005 | 20231205122911.0 | ||
| 007 | ta | ||
| 008 | 230509b bl.|||p| |||| 00| 00por d | ||
| 040 |
_aBR-BrBNA _bpor _cBiblioteca Nacional de Agricultura |
||
| 041 | _a(Pt) | ||
| 072 | _aE16 | ||
| 100 | 1 | _aPolzl, W.B. | |
| 100 | 1 | _aPolzl, P.F.K. | |
| 100 | 1 | _aSantos, A.J. dos | |
| 100 | 1 | _aTimofeiczyk Junior, R. | |
| 100 | 1 | _aFreitas, M. | |
| 100 | 1 | _aQuadros, K.E. de | |
| 245 | 1 | _aPerfil produtivo das empresas de madeira compensada no estado do Paraná | |
| 246 | 1 | _aProductivity operations in plywood mills in Paraná state | |
| 650 | _aMADEIRA | ||
| 650 | _aCOMPENSADO | ||
| 650 | _aPRODUÇÃO | ||
| 650 | _aEMPRESA | ||
| 650 | _aECONOMIA FLORESTAL | ||
| 773 | 0 |
_tRevista Árvore (Brazil) _xISSN 0100-6762 _g(Jan-Feb 2010), v. 34(1) p. 189-196 _wBR2013006875 |
|
| 856 | 4 |
_uhttp://www.scielo.br/pdf/rarv/v34n1/v34n1a20.pdf _yRecurso eletrônico (PDF) |
|
| 909 |
_a202311 _bLúcia _c55 _dLúcia Elande |
||
| 942 |
_2AGRIS _n0 _cANA |
||
| 999 |
_c231158 _d231158 |
||